Statistiques concernant Ligue 1: Le dernier titre de Champion de France de chaque club

Cliquez ici pour prendre le quiz!

Statistiques générales

  • Ce quiz a été pris 83 fois
  • Le résultat moyen est 7 sur 19

Statistiques - réponses

HintRéponse% Correct
2022-2023Paris SG
71%
2016-2017AS Monaco
68%
2020-2021Lille OSC
64%
2011-2012Montpellier HSC
58%
2008-2009Girondins de Bordeaux
53%
2009-2010Olympique de Marseille
52%
2000-2001FC Nantes
48%
2007-2008Olympique Lyonnais
45%
1997-1998RC Lens
44%
1995-1996AJ Auxerre
40%
1980-1981AS Saint-Etienne
35%
1938-1939FC Sète
27%
1946-1947CO Roubaix-Tourcoing
26%
1978-1979RC Strasbourg
21%
1961-1962Stade de Reims
17%
1958-1959OGC Nice
14%
1932-1933Olympique Lillois
14%
1935-1936RC Paris
9%
1937-1938FC Sochaux-Montbéliard
8%

Distribution des résultats

Percentile par nombre de réponses

% des personnes avec chaque résultat

Votre développement - résultats

Vous n’avez pas pris ce quiz